Занимательная техника в прошлом

التفاصيل البيبلوغرافية
المؤلف الرئيسي: Лебедев В. И.
اللغة:الروسية
منشور في: Ленинград, Время, 1930
الموضوعات:
التنسيق: MixedMaterials كتاب
KOHA link:https://koha.lib.tpu.ru/cgi-bin/koha/opac-detail.pl?biblionumber=234253

MARC

LEADER 00000nam0a2200000 4500
001 234253
005 20231101231314.0
035 |a (RuTPU)RU\TPU\book\255364 
090 |a 234253 
100 |a 20130321d1930 m y0rusy50 ca 
101 0 |a rus 
102 |a RU 
105 |a a z 000zy 
200 1 |a Занимательная техника в прошлом 
210 |a Ленинград  |c Время  |d 1930 
215 |a 198 с.  |c ил. 
606 1 |a Техника  |x История  |2 stltpush  |3 (RuTPU)RU\TPU\subj\68282  |9 83710 
610 1 |a изобретения 
610 1 |a история 
610 1 |a 18 век 
610 1 |a 19 век 
610 1 |a автомобили 
610 1 |a телеграфы 
610 1 |a телефоны 
610 1 |a печки 
610 1 |a спички 
610 1 |a часы 
610 1 |a горное дело 
610 1 |a металлургия 
610 1 |a стеклоделие 
610 1 |a паровые машины 
675 |a 62(09)  |v 3 
700 1 |a Лебедев  |b В. И. 
801 1 |a RU  |b 63413507  |c 20130321 
801 2 |a RU  |b 63413507  |c 20200828  |g RCR 
942 |c BK